Southville International School and Colleges
Your cart is empty.
  • Cart
  • Lists
    Public lists Eva Luna New books Lux_list list_1
    Your lists Log in to create your own lists
  • Log in to your account
  • Your cookies
  • Search history
Southville International School and Colleges
  • Advanced search
  • Recent comments
  • Most popular
  • Libraries

Log in to your account

Log in with GOOGLE


If you do not have an external account, but do have a local account, you can still log in:

  1. Home
  2. MARC view: Chemistry for today : general, organic, and biochemistry
Normal view MARC view ISBD view

Chemistry for today : general, organic, and biochemistry (Record no. 365130)

[ view plain ]
MARC details
000 -LEADER
fixed length control field 00576nam a22001937a 4500
003 - CONTROL NUMBER IDENTIFIER
control field 0
005 - DATE AND TIME OF LATEST TRANSACTION
control field 20230911144023.0
008 - FIXED-LENGTH DATA ELEMENTS--GENERAL INFORMATION
fixed length control field 230811b xxu||||| |||| 00| 0 eng d
020 ## - INTERNATIONAL STANDARD BOOK NUMBER
International Standard Book Number 978-0-357-45338-4
050 ## - LIBRARY OF CONGRESS CALL NUMBER
Classification number QD 31.3
Item number .Se13 2022
100 ## - MAIN ENTRY--PERSONAL NAME
Personal name Seager, Spencer L.
245 ## - TITLE STATEMENT
Title Chemistry for today : general, organic, and biochemistry
Statement of responsibility, etc Seager, Spencer L.
260 ## - PUBLICATION, DISTRIBUTION, ETC. (IMPRINT)
Place of publication, distribution, etc USA
Name of publisher, distributor, etc Cengage
Date of publication, distribution, etc c2022.
300 ## - PHYSICAL DESCRIPTION
Extent 1000 p. :
Other physical details col. ill. ;
Dimensions 29 cm.
504 ## - BIBLIOGRAPHY, ETC. NOTE
Bibliography, etc Includes glossary and index.
600 ## - SUBJECT ADDED ENTRY--PERSONAL NAME
Personal name Slabaugh, Michael R.
650 ## - SUBJECT ADDED ENTRY--TOPICAL TERM
Topical term or geographic name as entry element Chemistry.
942 ## - ADDED ENTRY ELEMENTS (KOHA)
Source of classification or shelving scheme Library of Congress Classification
Koha item type Books
Holdings
Withdrawn status Lost status Source of classification or shelving scheme Damaged status Home library Current library Shelving location Date acquired Source of acquisition Total Checkouts Total Renewals Full call number Barcode Date last seen Date checked out Price effective from Koha item type
    Library of Congress Classification   College Library College Library Reserve Section 08/11/2023 Library Fund 1 5 QD 31.3 .Se13 2022 C22841 11/15/2023 10/12/2023 08/11/2023 Books

Chemistry for today : general, organic, and biochemistry

APA

Seager S. L., . (2022). Chemistry for today : general, organic, and biochemistry. USA: Cengage.

Chicago

Seager Spencer L, . 2022. Chemistry for today : general, organic, and biochemistry. USA: Cengage.

Harvard

Seager S. L., . (2022). Chemistry for today : general, organic, and biochemistry. USA: Cengage.

MLA

Seager Spencer L, . Chemistry for today : general, organic, and biochemistry. USA: Cengage. 2022.

  • Place hold
  • Print
  • Cite
  • Add to your cart (remove)
  • Save record
    BIBTEX Dublin Core MARCXML MARC (non-Unicode/MARC-8) MARC (Unicode/UTF-8) MARC (Unicode/UTF-8, Standard) MODS (XML) RIS
  • More searches
    Search for this title in:
    Other Libraries (WorldCat) Other Databases (Google Scholar) Online Stores (Bookfinder.com) Open Library (openlibrary.org)

Exporting to Dublin Core...

SOUTHVILLE LIBRARY

Southville International School and Colleges Library

1281 Tropical Ave. Cor. Luxembourg St., BF Homes International, Las Pinas City

Tel. No. 8256374 / 252358 Loc. 117/146

Powered by Koha